|
|
|
|
| LEADER |
00000cam a2200000 a 4500 |
| 001 |
vtls008420856 |
| 003 |
SK-MaSNL |
| 005 |
20260301075750.0 |
| 008 |
040126s2005 xo oc f c 00100dslo |
| 015 |
|
|
|a SNBE2007/03-01114
|
| 020 |
|
|
|a 8096865838 (brož.)
|
| 040 |
|
|
|a SNK
|b slo
|c SNK
|e AACR2
|
| 041 |
|
|
|a slo
|a eng
|
| 043 |
|
|
|a e-xo---
|
| 044 |
|
|
|a xo
|c SK
|
| 072 |
|
7 |
|a 7.01/.09
|x Umenie
|2 konspekt
|
| 080 |
|
|
|a 7.05
|2 2001
|
| 080 |
|
|
|a (083.81)
|2 2001
|
| 080 |
|
|
|a (437.6)
|2 2001
|
| 080 |
|
|
|a 06.05
|2 2001
|
| 111 |
2 |
|
|a Národná cena za dizajn
|d (2005 :
|c Bratislava, Slovensko)
|9 105811
|
| 245 |
1 |
0 |
|a Národná cena za dizajn 2005
|b katalóg prác z celoštátnej súťaže dizajnu
|c [redakcia katalógu: Margita Michlíková, Adriena Pekárová, Julie Džambazovič]
|
| 250 |
|
|
|a [1. vyd.]
|
| 260 |
|
|
|a Bratislava
|b Slovenské centrum dizajnu
|c 2005
|
| 300 |
|
|
|a 37 s.
|b fotogr.
|c 28 cm
|
| 546 |
|
|
|a Súbežný text angl.
|
| 611 |
2 |
7 |
|a Národná cena za dizajn
|d (2005 :
|c Bratislava, Slovensko)
|2 SNKKA
|9 105811
|
| 648 |
|
7 |
|a 21. stor.
|2 SNKPH
|9 304714
|
| 650 |
0 |
7 |
|a dizajn
|2 SNKPH
|9 762
|
| 650 |
0 |
7 |
|a súťaže
|2 SNKPH
|9 3301
|
| 651 |
|
7 |
|a Bratislava (Slovensko)
|2 SNKPH
|
| 655 |
|
7 |
|a katalógy
|2 SNKPH
|9 60821
|
| 700 |
1 |
|
|a Michlíková, Margita,
|d 1950-
|4 red
|9 92885
|
| 700 |
1 |
|
|a Džambazovič, Julie
|4 red
|9 400360
|
| 700 |
1 |
|
|a Pekárová, Adriena,
|d 1950-
|4 red
|9 92886
|
| 919 |
|
|
|a 80-968658-3-8
|
| 999 |
|
|
|c 651213
|d 653143
|
| 952 |
|
|
|a SNK
|b SNK
|y PREZ
|7 0
|p 17A0491375
|o snkOSB 14471
|i snk2006/2043
|8 0
|0 0
|1 0
|4 0
|d 2006-02-01
|l 0
|r 2026-02-23 18:22:38
|w 2026-02-23
|
| 952 |
|
|
|a SNK
|b SNK
|y VYP
|7 0
|p 17A0491373
|o snkOSB 14471 D1
|i snk2006/2044
|8 0
|0 0
|1 0
|4 0
|d 2006-02-01
|l 0
|r 2026-02-23 18:22:38
|w 2026-02-23
|